[Event "110th ch-GBR 2024"]
[Site "Hull ENG"]
[Date "2024.07.27"]
[Round "1.1"]
[White "Adams, Michael"]
[Black "Villiers, Thomas"]
[Result "1/2-1/2"]
[WhiteTitle "GM"]
[BlackTitle "CM"]
[WhiteElo "2672"]
[BlackElo "2229"]
[WhiteFideId "400041"]
[BlackFideId "427209"]
[EventDate "2024.07.27"]

1. e4 c5 2. Nf3 e6 3. d4 cxd4 4. Nxd4 Nc6 5. Nc3 Qc7 6. f4 a6 7. Nxc6 bxc6 8.
Qf3 d5 9. Be3 Nf6 10. Bd4 Be7 11. O-O-O O-O 12. Bd3 Bb7 13. Rhe1 c5 14. Be5 Qb6
15. exd5 exd5 16. Qh3 g6 17. f5 Rfe8 18. fxg6 hxg6 19. Rf1 Nh5 20. g4 Bg5+ 21.
Kb1 Nf6 22. Na4 Qc6 23. Bxf6 Bxf6 24. Qf3 Re6 25. g5 Qxa4 26. gxf6 Qh4 27. b3 c4
28. Bxc4 dxc4 29. Qxb7 Rae8 30. Qf3 Re2 31. h3 cxb3 32. axb3 R2e3 33. Qf4 Qxh3
34. Kb2 R3e4 35. Qc7 Re2 36. Rf4 Qc8 37. Rd7 Qxc7 38. Rxc7 g5 39. Rd4 R2e6 40.
Rd5 Rxf6 41. Rxg5+ Kf8 42. Rd5 Kg7 43. b4 Ree6 44. Kb3 Kg6 45. c3 Rc6 46. Rcd7
Rfe6 47. Rd8 f5 48. Rg8+ Kf7 49. Rg3 f4 50. Rf3 Re4 51. Kc2 1/2-1/2

[Event "110th ch-GBR 2024"]
[Site "Hull ENG"]
[Date "2024.07.27"]
[Round "1.2"]
[White "Boswell, Jacob Connor"]
[Black "Howell, David W L"]
[Result "0-1"]
[BlackTitle "GM"]
[WhiteElo "2241"]
[BlackElo "2675"]
[WhiteFideId "427110"]
[BlackFideId "410608"]
[EventDate "2024.07.27"]

1. d4 Nf6 2. c4 e6 3. Nf3 b6 4. g3 Ba6 5. b3 Bb4+ 6. Bd2 Be7 7. Nc3 d5 8. cxd5
exd5 9. Bg2 O-O 10. O-O Nbd7 11. Ne5 Bb7 12. Bf4 Re8 13. Rc1 Nf8 14. Nd3 Ne6 15.
Be5 Rc8 16. Nf4 Nxf4 17. Bxf4 Qd7 18. Qd3 h6 19. Rfd1 c6 20. Qb1 Bb4 21. Bf3 Ba6
22. Qb2 g5 23. Be3 Re7 24. Qd2 Kh8 25. h4 Ng4 26. Bxg4 Qxg4 27. hxg5 Rce8 28. a3
Bxc3 29. Rxc3 Bxe2 30. Rdc1 Bf3 31. Rxc6 Re6 32. Rxe6 Qxe6 33. Bf4 Qh3 0-1

[Event "110th ch-GBR 2024"]
[Site "Hull ENG"]
[Date "2024.07.27"]
[Round "1.3"]
[White "Shafi, Declan"]
[Black "Jones, Gawain C B"]
[Result "0-1"]
[BlackTitle "GM"]
[WhiteElo "2222"]
[BlackElo "2640"]
[WhiteFideId "2405156"]
[BlackFideId "409561"]
[EventDate "2024.07.27"]

1. d4 Nf6 2. c4 c5 3. d5 b5 4. cxb5 a6 5. bxa6 e6 6. Nc3 exd5 7. Nxd5 Be7 8. Bf4
Nxd5 9. Qxd5 Nc6 10. e4 O-O 11. Nf3 Rxa6 12. Bc4 Bb7 13. Qd2 Na5 14. Bxa6 Bxa6
15. O-O-O Qb6 16. Qc3 Bb5 17. h4 Ra8 18. h5 Qe6 19. h6 f6 20. Ng5 Qxa2 21. Nxh7
Nb3+ 22. Kc2 Ra3 23. Ng5 gxh6 24. Ne6 Nd4+ 25. Nxd4 Rxc3+ 26. Kxc3 Qc4+ 27. Kd2
cxd4 0-1

[Event "110th ch-GBR 2024"]
[Site "Hull ENG"]
[Date "2024.07.27"]
[Round "1.4"]
[White "McShane, Luke J"]
[Black "Pang, Ethan"]
[Result "1-0"]
[WhiteTitle "GM"]
[BlackTitle "CM"]
[WhiteElo "2617"]
[BlackElo "2212"]
[WhiteFideId "404853"]
[BlackFideId "496995"]
[EventDate "2024.07.27"]

1. e4 c5 2. Nf3 Nc6 3. Bb5 e5 4. O-O Nge7 5. c3 g6 6. d4 exd4 7. cxd4 cxd4 8.
Bf4 Bg7 9. Bd6 O-O 10. Nbd2 a6 11. Bd3 b6 12. a4 Bb7 13. Qb3 Na5 14. Qa2 Bc6 15.
b4 Nb7 16. Bg3 d6 17. Nb3 a5 18. b5 Bd7 19. Nbxd4 Nc5 20. Rad1 Bg4 21. Bc2 Rc8
22. Rfe1 Re8 23. h3 Bh5 24. Ng5 d5 25. Ndf3 h6 26. Nxf7 Kxf7 27. exd5 Bxf3 28.
gxf3 Nf5 29. d6+ Re6 30. d7 Ra8 31. Bb3 Nxb3 32. Qxb3 Bf6 33. Rxe6 Kg7 34. Re8
Qxe8 35. dxe8=N+ 1-0

[Event "110th ch-GBR 2024"]
[Site "Hull ENG"]
[Date "2024.07.27"]
[Round "1.5"]
[White "Ledger, Dave J"]
[Black "Conquest, Stuart C"]
[Result "0-1"]
[WhiteTitle "FM"]
[BlackTitle "GM"]
[WhiteElo "2201"]
[BlackElo "2510"]
[WhiteFideId "401986"]
[BlackFideId "400181"]
[EventDate "2024.07.27"]

1. e4 c5 2. Nf3 d6 3. d4 cxd4 4. Nxd4 Nf6 5. Nc3 Bd7 6. Bg5 e6 7. Qd2 a6 8. f4
h6 9. Bxf6 Qxf6 10. O-O-O Nc6 11. Nf3 Qd8 12. Kb1 Be7 13. h4 Qa5 14. Bc4 O-O-O
15. g4 Bf6 16. g5 Bxc3 17. bxc3 Qc5 18. Bb3 Kc7 19. Rhg1 h5 20. g6 f6 21. Nd4
Rhe8 22. Rg3 Na5 23. Qe2 b5 24. Qf3 Rb8 25. f5 Nc4 26. Bxc4 bxc4+ 27. Kc1 e5 28.
Ne6+ Bxe6 29. fxe6 Qa3+ 30. Kd2 Rb2 31. Qxh5 Rxc2+ 32. Ke1 Rxe6 33. Qh8 Qc5 34.
Qxg7+ Kc6 35. Rd2 Rxd2 36. Kxd2 Qf2+ 37. Kd1 Qxg3 38. Qf7 Qd3+ 39. Ke1 Qxe4+ 40.
Kf1 Re7 41. Qxe7 Qxg6 42. Qd8 Qd3+ 43. Kg2 Qxc3 44. h5 Qd2+ 45. Kf3 Qd3+ 46. Kf2
c3 47. Qc8+ Kd5 48. Qa8+ Kd4 49. Qa7+ Ke4 50. h6 Qd2+ 0-1

[Event "110th ch-GBR 2024"]
[Site "Hull ENG"]
[Date "2024.07.27"]
[Round "1.6"]
[White "Ghasi, Ameet K"]
[Black "Southcott-Moyers, Indy"]
[Result "1-0"]
[WhiteTitle "IM"]
[BlackTitle "CM"]
[WhiteElo "2495"]
[BlackElo "2200"]
[WhiteFideId "409200"]
[BlackFideId "488542"]
[EventDate "2024.07.27"]

1. Nf3 d5 2. g3 c5 3. Bg2 Nc6 4. d4 e6 5. O-O Nf6 6. c4 dxc4 7. Ne5 Bd7 8. Nxc4
cxd4 9. Bf4 Be7 10. Nd6+ Kf8 11. Nxb7 Qb6 12. Nd6 Qc5 13. b4 Qxb4 14. a3 Qc5 15.
Nd2 e5 16. N2e4 Nxe4 17. Nxe4 Qb6 18. Rb1 Qc7 19. Bd2 f5 20. e3 fxe4 21. Bxe4
Rc8 22. Qf3+ Ke8 23. Rfc1 g6 24. Rc4 Rf8 25. Qg2 Rf6 26. exd4 exd4 27. Bf4 Qa5
28. h4 Qa6 29. Bd5 Kd8 30. Re1 Qa5 31. Rd1 Qb5 32. a4 Qa6 33. Qe4 Bf5 34. Qf3
Bd7 35. Qe4 Bf5 36. Qf3 Bd7 37. Qe2 Qa5 38. Bxc6 Rfxc6 39. Rcxd4 R8c7 40. Bxc7+
Rxc7 41. Qe6 1-0

[Event "110th ch-GBR 2024"]
[Site "Hull ENG"]
[Date "2024.07.27"]
[Round "1.7"]
[White "Beaumont, Chris R"]
[Black "Bazakutsa, Svyatoslav"]
[Result "0-1"]
[WhiteTitle "IM"]
[BlackTitle "IM"]
[WhiteElo "2198"]
[BlackElo "2490"]
[WhiteFideId "400424"]
[BlackFideId "14198525"]
[EventDate "2024.07.27"]

1. Nf3 Nf6 2. c4 g6 3. g3 Bg7 4. Bg2 O-O 5. d4 d6 6. Nc3 Nc6 7. d5 Na5 8. b3 c5
9. Bb2 a6 10. O-O Rb8 11. Nd2 b5 12. Qc1 Re8 13. Rb1 e5 14. dxe6 Bxe6 15. cxb5
axb5 16. Nce4 Bf5 17. Nxf6+ Bxf6 18. e4 Bd7 19. Bxf6 Qxf6 20. b4 cxb4 21. Qc7
Qd8 22. Qxd6 Be6 23. Qxb4 Bxa2 24. Rbd1 Nc6 25. Qb2 Be6 26. Nc4 bxc4 27. Rxd8
Rexd8 28. Qf6 Nd4 29. h4 c3 30. h5 c2 31. h6 Kf8 32. e5 Rdc8 33. Be4 c1=Q 34.
Rxc1 Rxc1+ 35. Kg2 Rcc8 36. Qg7+ Ke7 37. Qxh7 Rg8 38. Kf1 Bc4+ 39. Kg2 Ne6 40.
f4 Rh8 0-1

[Event "110th ch-GBR 2024"]
[Site "Hull ENG"]
[Date "2024.07.27"]
[Round "1.8"]
[White "Royal, Shreyas"]
[Black "Sivanandan, Bodhana"]
[Result "1-0"]
[WhiteTitle "IM"]
[BlackTitle "WFM"]
[WhiteElo "2487"]
[BlackElo "2185"]
[WhiteFideId "448869"]
[BlackFideId "497592"]
[EventDate "2024.07.27"]

1. e4 c6 2. d4 d5 3. e5 Bf5 4. h4 h5 5. Bd3 Bxd3 6. Qxd3 Qa5+ 7. Nd2 e6 8. Nf3
Nh6 9. c3 Nf5 10. O-O Be7 11. g3 Nd7 12. Nb3 Qb5 13. Qd1 c5 14. a4 Qb6 15. Kg2
Rc8 16. Re1 g6 17. Re2 a6 18. Bf4 cxd4 19. Nbxd4 Nxd4 20. cxd4 Nb8 21. Re3 Nc6
22. Rb3 Qa7 23. Qd2 Bd8 24. a5 O-O 25. Bg5 Bxg5 26. Qxg5 Nxd4 27. Qe3 Nc6 28.
Qh6 Rfe8 29. Ng5 Nd8 30. Nh7 f5 31. Nf6+ Kf7 32. Qh7+ Kf8 33. Nd7# 1-0

[Event "110th ch-GBR 2024"]
[Site "Hull ENG"]
[Date "2024.07.27"]
[Round "1.10"]
[White "Gasanov, Eldar"]
[Black "Hryshchenko, Kamila"]
[Result "1-0"]
[WhiteTitle "GM"]
[BlackTitle "WFM"]
[WhiteElo "2469"]
[BlackElo "2181"]
[WhiteFideId "14104466"]
[BlackFideId "14147491"]
[EventDate "2024.07.27"]

1. d4 g6 2. c4 Bg7 3. e4 d6 4. Nc3 Nf6 5. Bg5 O-O 6. Qd2 c5 7. d5 e6 8. Bd3 a6
9. Nge2 Nbd7 10. f4 Qa5 11. dxe6 fxe6 12. O-O Rf7 13. Rad1 Rb8 14. Bc2 Ne8 15.
a4 b5 16. cxb5 axb5 17. Nxb5 Qxd2 18. Rxd2 Ba6 19. Bb3 c4 20. Bxc4 Nc5 21. Ng3
h6 22. Bh4 Nxa4 23. Nxd6 Nxd6 24. Bxa6 Rb6 25. e5 Rxa6 26. exd6 Nc5 27. Be7 Bf8
28. Rc2 Nb7 29. Bxf8 Kxf8 30. Ne4 Ra4 31. Re1 Rd4 32. Rc8+ Kg7 33. Rc7 Nxd6 34.
Nc5 Rxf4 35. Nxe6+ Kh7 36. Rc6 Re4 37. Rxe4 Nxe4 38. b4 Rf5 39. Rc8 Rd5 40. Rc7+
Kh8 41. Rc8+ Kh7 42. Rd8 Rf5 43. Rd7+ Kh8 44. Nd4 Rf6 45. b5 Kg8 46. g3 Nc3 47.
Rc7 Nd5 48. Rc5 Ne3 49. Rc1 Kf7 50. Nc6 Nd5 51. Ne5+ Ke7 52. Re1 Rb6 53. Nc4+
Re6 54. Kf2 Rxe1 55. Kxe1 Nc7 56. b6 Na6 57. Ke2 Ke6 58. Kf3 Nb8 59. Ke4 Nd7 60.
Kd4 h5 61. b7 g5 62. Nb6 Nb8 63. Ke4 Kf6 64. Kd5 Kf5 65. Kd6 Kg4 66. Nd7 Na6 67.
Nc5 Nb8 68. Kc7 1-0

[Event "110th ch-GBR 2024"]
[Site "Hull ENG"]
[Date "2024.07.27"]
[Round "1.11"]
[White "Larchikov, Maksym"]
[Black "Wadsworth, Matthew J"]
[Result "0-1"]
[BlackTitle "IM"]
[WhiteElo "2181"]
[BlackElo "2456"]
[WhiteFideId "34120815"]
[BlackFideId "415804"]
[EventDate "2024.07.27"]

1. d4 d5 2. c4 c6 3. Nf3 Nf6 4. Nc3 dxc4 5. a4 Bf5 6. e3 e6 7. Bxc4 Bb4 8. O-O
O-O 9. Qe2 Ne4 10. Nxe4 Bxe4 11. Bd3 Bxd3 12. Qxd3 Nd7 13. Bd2 a5 14. Bxb4 axb4
15. Rfd1 Qa5 16. b3 Rfd8 17. Rac1 h6 18. h3 Rac8 19. Qb1 Nf6 20. Rc5 Qa7 21. e4
Rxd4 22. Rxd4 Qxc5 23. Qe1 Qc2 24. Rxb4 Rd8 25. Qe3 Rd3 26. Qa7 Qc1+ 27. Kh2
Qf4+ 28. Kh1 Rd1+ 29. Ng1 Nxe4 0-1

[Event "110th ch-GBR 2024"]
[Site "Hull ENG"]
[Date "2024.07.27"]
[Round "1.12"]
[White "Williams, Simon K"]
[Black "Badacsonyi, Stanley"]
[Result "1-0"]
[WhiteTitle "GM"]
[BlackTitle "CM"]
[WhiteElo "2450"]
[BlackElo "2178"]
[WhiteFideId "404454"]
[BlackFideId "486973"]
[EventDate "2024.07.27"]

1. c4 Nf6 2. Nc3 g6 3. g3 Bg7 4. Bg2 O-O 5. e4 d6 6. Nge2 c5 7. O-O Nc6 8. d3
Rb8 9. h3 a6 10. a4 Ne8 11. Be3 b5 12. axb5 axb5 13. cxb5 Nd4 14. Rb1 Nc7 15. b4
Ncxb5 16. Nxb5 Rxb5 17. Nxd4 Bxd4 18. Bxd4 cxd4 19. Qd2 Bd7 20. f4 Qb6 21. f5
Rb8 22. Qh6 d5 23. exd5 Bxf5 24. Rbe1 Rxb4 25. g4 Bxd3 26. Rxf7 Kxf7 27. Qxh7+
Kf8 28. Qh8+ Kf7 29. Qh7+ Kf8 30. Re6 Qc7 31. Qh8+ Kf7 32. Rf6+ exf6 33. Qh7+
Kf8 34. Qxc7 R4b7 35. Qc5+ Kg7 36. Qxd4 Bb5 37. d6 Rd7 38. g5 Rf8 39. h4 Rff7
40. Bh3 Rd8 41. Be6 Rff8 42. Qb6 Bd7 43. Qc7 1-0

[Event "110th ch-GBR 2024"]
[Site "Hull ENG"]
[Date "2024.07.27"]
[Round "1.18"]
[White "Lutsko, Artem"]
[Black "Mannion, Stephen R"]
[Result "1-0"]
[WhiteTitle "IM"]
[BlackTitle "IM"]
[WhiteElo "2414"]
[BlackElo "2139"]
[WhiteFideId "14188767"]
[BlackFideId "2400111"]
[EventDate "2024.07.27"]

1. e4 e5 2. Nf3 Nc6 3. Bb5 a6 4. Ba4 Nf6 5. O-O d6 6. Re1 Bd7 7. c3 g6 8. d4 Bg7
9. Nbd2 O-O 10. Bc2 Nh5 11. dxe5 dxe5 12. Nf1 h6 13. Ne3 Nf4 14. Nd5 g5 15. g3
Ng6 16. Nd2 Be6 17. Ne3 Qd7 18. Nf5 Nce7 19. Qf3 f6 20. Nf1 Bf7 21. N1e3 Qc6 22.
h4 Nxf5 23. Nxf5 Rae8 24. b3 Qc5 25. a4 Qb6 26. a5 Qe6 27. Ba3 gxh4 28. gxh4 Kh7
29. Bxf8 Bxf8 30. Kh2 Nf4 31. Rg1 Bh5 32. Qe3 Rd8 33. f3 Qc6 34. Rad1 Rxd1 35.
Rxd1 Bc5 36. Qd2 Bxf3 37. Qd7+ Qxd7 38. Rxd7+ Kg6 39. Bd1 Ne2 40. Bxe2 1-0

[Event "110th ch-GBR 2024"]
[Site "Hull ENG"]
[Date "2024.07.27"]
[Round "1.19"]
[White "Kalaiyalahan, Akshaya"]
[Black "Hebden, Mark L"]
[Result "0-1"]
[WhiteTitle "FM"]
[BlackTitle "GM"]
[WhiteElo "2137"]
[BlackElo "2385"]
[WhiteFideId "422894"]
[BlackFideId "400084"]
[EventDate "2024.07.27"]

1. d4 Nf6 2. c4 g6 3. g3 Bg7 4. Bg2 O-O 5. Nc3 d6 6. Nf3 c5 7. O-O Nc6 8. d5 Na5
9. Nd2 e6 10. Rb1 exd5 11. cxd5 Bd7 12. Nde4 Ne8 13. Bg5 f6 14. Bf4 Qe7 15. Nd2
g5 16. Be3 f5 17. Nb3 Nc4 18. Bc1 f4 19. Nd2 Ne5 20. b4 c4 21. Bb2 g4 22. Nce4
Rc8 23. Bc3 b5 24. gxf4 Rxf4 25. Qc1 Rf7 26. f4 Ng6 27. e3 Nh4 28. Bxg7 Nxg7 29.
Qc3 Nxg2 30. Kxg2 Bf5 31. Ng5 Bxb1 32. Rxb1 Rf5 33. Rf1 Rxd5 34. Nde4 Rf8 35.
Qc2 Nf5 36. Qe2 h6 0-1

[Event "110th ch-GBR 2024"]
[Site "Hull ENG"]
[Date "2024.07.27"]
[Round "1.20"]
[White "Palliser, Richard J D"]
[Black "Shearsby, Jude"]
[Result "0-1"]
[WhiteTitle "IM"]
[WhiteElo "2369"]
[BlackElo "2130"]
[WhiteFideId "407372"]
[BlackFideId "462527"]
[EventDate "2024.07.27"]

1. d4 d5 2. c4 e6 3. Nc3 a6 4. cxd5 exd5 5. Bf4 Nf6 6. e3 c5 7. Nf3 c4 8. Be2
Be7 9. Ne5 b5 10. Bf3 Bb7 11. a3 O-O 12. Qb1 Nc6 13. h4 Bd6 14. Nxc6 Bxc6 15.
Bg5 Be7 16. Qf5 Bd7 17. Qf4 Be6 18. h5 h6 19. Bxf6 Bxf6 20. O-O Rb8 21. Rfd1 Bg5
22. Qg3 Be7 23. Bg4 Bh4 24. Qh3 Rb6 25. Bxe6 Rxe6 26. g3 Bg5 27. Qg2 Rd6 28. Qf3
Re8 29. Kg2 Qd7 30. Rh1 a5 31. a4 b4 32. Ne2 Rf6 33. Nf4 Re4 34. Kf1 b3 35. Qd1
Rb6 36. Ne2 Qf5 37. Kg2 Bxe3 38. fxe3 Rxe3 39. Nf4 Rf6 40. Rh4 Qe4+ 41. Kh2 Rf3
42. Qd2 c3 43. bxc3 Rb6 0-1

[Event "110th ch-GBR 2024"]
[Site "Hull ENG"]
[Date "2024.07.27"]
[Round "1.25"]
[White "Saunders, Aron"]
[Black "Eggleston, David J"]
[Result "1-0"]
[BlackTitle "IM"]
[WhiteElo "2105"]
[BlackElo "2335"]
[WhiteFideId "469343"]
[BlackFideId "412120"]
[EventDate "2024.07.27"]

1. e4 c5 2. Nf3 d6 3. Bb5+ Nd7 4. a4 Nf6 5. Nc3 e6 6. d4 cxd4 7. Qxd4 Be7 8. a5
a6 9. Be2 O-O 10. O-O Qc7 11. Rd1 Ne5 12. Be3 Nfd7 13. Nxe5 Nxe5 14. Qb6 Qb8 15.
Qb3 Bd7 16. Na4 Bxa4 17. Rxa4 Nc6 18. c3 Rd8 19. Raa1 Rd7 20. Qa2 Qf8 21. b4 g6
22. Qb3 Qg7 23. b5 axb5 24. Bxb5 Rc8 25. a6 bxa6 26. Rxa6 Rb7 27. Qc4 d5 28.
exd5 exd5 29. Rxd5 Rxb5 30. Qxb5 Qxc3 31. Rd1 Qc2 32. Qf1 Nb4 33. Raa1 Qe4 34.
Rac1 Re8 35. Rd4 Qf5 36. Qc4 Bf8 37. Bd2 Rb8 38. Qc7 Na6 39. Qc4 Nb4 40. Bf4 Re8
41. h3 h5 42. Bd6 Bxd6 43. Rxd6 Nc2 44. Rc6 Na3 45. Qa6 Nb5 46. Rc8 Nd6 47.
Rxe8+ Nxe8 48. Re1 Nf6 49. Qa8+ Kg7 50. Qa7 Qd5 51. Qe3 Kh7 52. Rc1 Qf5 53. Qd4
Nd5 54. Rc5 Qb1+ 55. Kh2 Qb8+ 56. g3 Ne7 57. Qf6 Nf5 58. Qxf7+ Kh6 59. Rxf5 gxf5
60. Qf6+ Kh7 61. Qxf5+ Kh6 62. Qf4+ 1-0

[Event "110th ch-GBR 2024"]
[Site "Hull ENG"]
[Date "2024.07.27"]
[Round "1.33"]
[White "Starley, Robert"]
[Black "Mirzoeva, Elmira"]
[Result "0-1"]
[BlackTitle "WGM"]
[WhiteElo "2028"]
[BlackElo "2282"]
[WhiteFideId "421006"]
[BlackFideId "4127951"]
[EventDate "2024.07.27"]

1. e4 c6 2. d4 d5 3. e5 Bf5 4. h4 h5 5. Bd3 Bxd3 6. Qxd3 Qa5+ 7. Nd2 e6 8. Nf3
Nh6 9. O-O Nf5 10. c4 Be7 11. g3 O-O 12. b3 Qa6 13. Bb2 Nd7 14. Rfd1 c5 15. dxc5
Nxc5 16. Qc2 Rfd8 17. cxd5 Rxd5 18. Nc4 Rxd1+ 19. Rxd1 Qxa2 20. b4 Qa4 21. Qxa4
Nxa4 22. Rd7 b5 23. Ne3 Nxe3 24. fxe3 Bxb4 25. Bd4 Bc5 26. Rb7 Bxd4 27. Nxd4 a6
28. Nc6 Nc3 29. Nd4 a5 30. Nxb5 Nxb5 31. Rxb5 a4 32. Rb2 a3 33. Ra2 Kh7 34. Kf2
Kg6 35. e4 Ra5 36. Kf3 Ra4 37. Kf4 f5 38. exf6 gxf6 39. Kf3 f5 40. exf5+ Kxf5
41. Ke3 Kg4 42. Kf2 e5 43. Kg2 e4 44. Rf2 e3 45. Ra2 Ra5 46. Kf1 Kf3 47. Ke1 Rb5
48. Ra1 a2 0-1

[Event "110th ch-GBR 2024"]
[Site "Hull ENG"]
[Date "2024.07.27"]
[Round "1.37"]
[White "Sooraj, M R"]
[Black "Lewis, Andrew P"]
[Result "0-1"]
[BlackTitle "FM"]
[WhiteElo "1999"]
[BlackElo "2272"]
[WhiteFideId "35014730"]
[BlackFideId "400955"]
[EventDate "2024.07.27"]

1. e4 c5 2. Nc3 Nc6 3. g3 g6 4. Bg2 Bg7 5. d3 d6 6. Be3 Nf6 7. h3 O-O 8. Nge2
Rb8 9. O-O b5 10. Qd2 b4 11. Nd1 Ba6 12. f4 Nd7 13. f5 Nd4 14. Nf4 Re8 15. h4 e6
16. c3 bxc3 17. bxc3 Nc6 18. Bh3 exf5 19. exf5 Nce5 20. Bg2 Nf6 21. Nf2 Bb7 22.
N2h3 Bxg2 23. Kxg2 Qd7 24. Ng5 Qc6+ 25. Nf3 Nfg4 26. Bg1 Nxf3 27. Rxf3 Ne5 28.
Rf1 Rb7 29. g4 Nxg4 30. Kh3 Ne5 31. Rg3 Reb8 32. Rf2 Rb1 33. c4 Rxg1 34. Rxg1
Nf3 35. Nd5 Nxg1+ 36. Kh2 Qb7 37. f6 Bf8 38. Kxg1 Qd7 39. Kh2 Rb1 40. Qg5 Qe6
41. Qg2 Qe5+ 42. Rf4 Rb2 43. Qxb2 Qxb2+ 44. Kg3 Qe2 45. Rf3 Bh6 46. d4 Qxa2 47.
dxc5 Qxc4 48. Ne7+ Kf8 49. c6 Ke8 50. Ra3 Qf4+ 51. Kh3 Qxf6 52. c7 Qe6+ 53. Kg3
Kxe7 0-1

[Event "110th ch-GBR 2024"]
[Site "Hull ENG"]
[Date "2024.07.27"]
[Round "1.38"]
[White "Hobson, Kenneth"]
[Black "Salmons, Calum"]
[Result "1/2-1/2"]
[WhiteTitle "CM"]
[WhiteElo "2266"]
[BlackElo "1999"]
[WhiteFideId "480819"]
[BlackFideId "437280"]
[EventDate "2024.07.27"]

1. e4 c5 2. Nf3 d6 3. Bb5+ Nd7 4. a4 Nf6 5. Nc3 g6 6. a5 Bg7 7. O-O O-O 8. Re1
a6 9. Bc4 e5 10. d3 h6 11. h3 Nb8 12. Nd5 Nc6 13. Be3 Kh7 14. Nb6 Rb8 15. Nxc8
Rxc8 16. Qd2 Ng8 17. Nh2 f5 18. f3 f4 19. Bf2 g5 20. Be6 Rb8 21. Reb1 h5 22. c3
Nh6 23. b4 Rf6 24. Bb3 cxb4 25. cxb4 Rg6 26. Bd1 d5 27. exd5 Qxd5 28. Qe1 Qxd3
29. Rb3 Qc4 30. Rc3 Qxb4 31. Ra4 Qf8 32. Bc5 Qf7 33. Bb3 Qd7 34. Bc2 Nf5 35. Qe4
Rf6 36. Rd3 Qf7 37. Ra1 Bf8 38. Bf2 Kh8 39. Rad1 Ncd4 40. Bb1 Bd6 41. Nf1 b5 42.
axb6 Rxb6 43. Rc3 Qb7 44. Rxd4 exd4 45. Qe8+ Bf8 46. Bxf5 dxc3 47. Qxh5+ Bh6 48.
Bd4 Qe7 49. Qxh6+ Kg8 50. Qxg5+ Qg7 51. Qxg7+ Kxg7 52. Bxc3 Kf7 53. Bxf6 Kxf6
54. g4 Rb2 55. h4 a5 56. Bd7 Ke7 57. Bc6 Kd6 58. Be8 Ke7 59. Ba4 Ra2 60. Bb3 Rb2
61. Bd5 a4 62. g5 a3 63. Nh2 a2 64. Bxa2 Rxa2 65. Ng4 Kf7 66. Ne5+ Ke6 67. Ng6
Kf5 68. Ne7+ Ke6 69. Ng8 Kf7 70. Nf6 Kg6 71. Kh1 Rf2 72. Ng4 Ra2 73. Nf6 Rf2 74.
Ng4 Ra2 75. Nf6 Rf2 76. h5+ Kf5 1/2-1/2

[Event "110th ch-GBR 2024"]
[Site "Hull ENG"]
[Date "2024.07.27"]
[Round "1.41"]
[White "Evans, Ruben"]
[Black "Rudd, Jack"]
[Result "0-1"]
[BlackTitle "IM"]
[WhiteElo "1954"]
[BlackElo "2243"]
[WhiteFideId "472018"]
[BlackFideId "405736"]
[EventDate "2024.07.27"]

1. d4 Nf6 2. c4 e6 3. Nf3 b6 4. a3 Bb7 5. Nc3 d5 6. Bg5 Be7 7. e3 O-O 8. Bd3 c5
9. O-O cxd4 10. exd4 Nbd7 11. Rc1 Rc8 12. cxd5 Nxd5 13. Bxe7 Qxe7 14. Nxd5 Bxd5
15. Qe2 Nb8 16. Be4 Qb7 17. Bxd5 Qxd5 18. b4 Nc6 19. Qc4 Ne7 20. Qa6 Qa8 21. h3
Nd5 22. Kh2 h6 23. Qa4 Qb7 24. Qb3 Rc7 25. Qb2 Rfc8 26. Rfd1 Rc3 27. Kh1 R8c7
28. Rxc3 Rxc3 29. Rc1 Qc7 30. Rxc3 Qxc3 31. Qxc3 Nxc3 32. Ne5 Kf8 33. g3 Ke8 34.
Kg2 Nb5 35. Kf3 Nxa3 36. Ke4 Nb5 37. Kd3 f6 38. Ng6 Nc7 39. Kc4 a6 40. Nf4 Kd7
41. Nh5 Ne8 42. f3 Kd6 43. Nf4 g5 44. Nd3 Ng7 45. g4 Ne8 46. Nf2 Kc6 47. Nd1 Nc7
48. Nc3 Nd5 49. Ne4 f5 50. Ng3 Ne7 51. Nf1 Ng6 52. gxf5 exf5 53. d5+ Kd6 54. Kd4
Ne7 55. Ng3 b5 56. Nh5 Nxd5 57. Ng7 Nxb4 58. Nxf5+ Ke6 59. Nxh6 Nc6+ 60. Ke4 b4
61. Kd3 Ne5+ 62. Kd4 a5 63. Ng4 Nxg4 0-1

[Event "110th ch-GBR 2024"]
[Site "Hull ENG"]
[Date "2024.07.28"]
[Round "2.1"]
[White "Howell, David W L"]
[Black "Kanyamarala, Tarun"]
[Result "1-0"]
[WhiteTitle "GM"]
[BlackTitle "IM"]
[WhiteElo "2675"]
[BlackElo "2337"]
[WhiteFideId "410608"]
[BlackFideId "45004714"]
[EventDate "2024.07.27"]

1. e4 c5 2. Nf3 e6 3. Nc3 a6 4. d4 cxd4 5. Nxd4 b5 6. Bd3 Bb7 7. O-O Nc6 8. Nxc6
Bxc6 9. Re1 Qb8 10. a4 bxa4 11. Nxa4 Bd6 12. h3 Ne7 13. Be3 Bh2+ 14. Kh1 Bf4 15.
Bxf4 Qxf4 16. Kg1 O-O 17. Nb6 Rab8 18. Nc4 Bb5 19. b3 Nc6 20. Bf1 d5 21. exd5
exd5 22. Qxd5 Nb4 23. Qd1 Rfd8 24. Qc1 Qf6 25. Ne5 Bxf1 26. Kxf1 Rd5 27. Nc4 h6
28. Re2 Rbd8 29. Ne3 Rc5 30. Qe1 Rc3 31. Ra4 Nd5 32. Nxd5 Rxd5 33. Re8+ Kh7 34.
Qe4+ Qf5 35. Qxf5+ Rxf5 36. Ra2 Rfc5 37. Re2 Rc6 38. Ke1 Rd6 39. Rd2 Re6+ 40.
Re2 Rd6 41. Re7 Rc5 42. Ke2 f5 43. c4 f4 44. Rd2 Rg6 45. Kf3 Rcg5 46. Ra7 Rxg2
47. Rxa6 R6g5 48. h4 R5g4 49. c5 Rg1 50. Rc2 Rxh4 51. c6 Rh3+ 52. Kxf4 g5+ 53.
Kf5 Rf3+ 54. Ke4 Rf4+ 55. Kd5 Rd1+ 56. Kc5 Rf5+ 57. Kb6 Rdd5 58. c7 1-0

[Event "110th ch-GBR 2024"]
[Site "Hull ENG"]
[Date "2024.07.28"]
[Round "2.3"]
[White "Wu, Li"]
[Black "McShane, Luke J"]
[Result "0-1"]
[WhiteTitle "FM"]
[BlackTitle "GM"]
[WhiteElo "2328"]
[BlackElo "2617"]
[WhiteFideId "411086"]
[BlackFideId "404853"]
[EventDate "2024.07.27"]

1. Nf3 Nf6 2. c4 b6 3. g3 Bb7 4. Bg2 e6 5. O-O Be7 6. b3 O-O 7. Bb2 c5 8. d4
cxd4 9. Qxd4 d6 10. Nc3 a6 11. Rfd1 Qc7 12. Ng5 Bxg2 13. Kxg2 Nbd7 14. Nge4 Rfd8
15. Nxf6+ Nxf6 16. e4 Qb7 17. f3 b5 18. cxb5 axb5 19. a3 Bf8 20. b4 Rac8 21. Qd3
d5 22. e5 Nd7 23. Nxb5 Nb6 24. Bd4 Nc4 25. a4 Bxb4 26. Rdb1 Qe7 27. Ra2 Ra8 28.
f4 Rdb8 29. Nc3 Qe8 30. Rba1 Qc6 31. Nd1 Bf8 32. a5 Ra6 33. Ne3 Nxe3+ 34. Qxe3
Rc8 35. Qd3 g6 36. Bb6 Qc4 37. Qxc4 Rxc4 38. Rb1 Be7 39. Kf3 Kf8 40. Be3 Rc8 41.
Rb7 Bd8 42. Bd2 Ke8 43. Ke3 Rca8 44. Rb5 Kd7 45. Kd4 Rc6 46. Ra4 Bc7 47. Kd3 Kc8
48. Ra2 Raa6 49. Rab2 Rc4 50. Ra2 Kd7 51. Rab2 Ra4 52. Bb4 Ra7 53. Bc3 Bxa5 54.
Rb7+ Bc7 55. R7b5 Rc4 56. Bb4 g5 57. Bc5 Ra1 58. fxg5 Bxe5 59. Rb7+ Kc8 0-1